Statistics for Warrior Cats who died because of Tigerstar

Click here to take the quiz!

General Stats

  • This quiz has been taken 364 times
  • The average score is 10 of 18

Answer Stats

Hint Answer % Correct
Became leader of Bloodclan, bullied by TigerpawScourge
90%
Murdered at Sunningrocks in Tigerclaw's attempt to be deputyRedtail
88%
Sacrificed herself to finish off Tigerstar's dog packBluestar
82%
Killed in the final battle with Tigerstar, due to injuriesFirestar
71%
Son led on a dark path, only to be killed by his brotherHawkfrost
67%
Killed, while protecting half-clan kits, on the orders of TigerstarStonefur
63%
Killed fighting off the dog packSwiftpaw
62%
Murdered to give Tigerstar's dog pack a taste for bloodBrindleface
61%
Said to have been 'killed' in an attempt to keep him safe from TigerclawRavenpaw
61%
Killed in the battle with BloodclanWhitestorm
58%
Killed by Graystripe in the battle with Bloodclan due to his loyalty to TigerstarDarkstripe
52%
Dealt a brutal blow by Hawkfrost in the battle with the Dark Forest catsHollyleaf
50%
Killed by the Thunderpath when Tigerclaw and rogues attack a patrolRunningwind
47%
Killed in the battle with the Dark Forest while fighting alongside PurdyMousefur
43%
Killed when Fireheart chases him onto the Thunderpath after finding ^ deadWhitethroat
40%
Killed after falling down a slope after revealing kits as Thunderclan bornGraypool
37%
Killed by Tigerstar to show what happens if Windclan did not join TigerclanGorsepaw
37%
Killed by a bite to the neck in the battle with the Dark Forest catsFerncloud
31%

Score Distribution

Percentile by Number Answered

Percent of People with Each Score

Your Score History

You have not taken this quiz